00421nam a2200121Ia 4500008004100000245011900041260002400160260000900184300000700193650002300200650001200223856006400235170516s9999 xx 000 0 und d aImproved biological wastewater treatment and sludge characteristics by applying magnetic field to aerobic granules bAIMS Bioengineering c2016 a:4 xMedical Technology xMedtech uhttp://www.aimspress.com/journal/Bioengineering/2016/4.html